| 000 | 00625nam a22001937a 4500 | ||
|---|---|---|---|
| 999 |
_c154011 _d154011 |
||
| 003 | dpl | ||
| 005 | 20181128135849.0 | ||
| 008 | 180713b xxu||||| |||| 00| 0 eng d | ||
| 020 |
_a8125918434 _c450.00 |
||
| 035 | _aB-163737,B-163740 | ||
| 040 |
_aDPL _bEN _c0 |
||
| 082 | _a574.02854 | ||
| 100 | _aMalhotra, Puneet | ||
| 245 |
_aThe new handbook of Bioinfromatics/ _cby Puneet Malhotra, Kumud Sarin [and] Swapa K Srivastava |
||
| 260 |
_aNew Delhi _bVikas publishing house pvt ltd _c2005 |
||
| 300 |
_av;356p; _c24cm; |
||
| 700 | _aKumud Sarin, Swapna K Srivastava | ||
| 942 |
_2ddc _cEN _i574.02854 _mMEH |
||